000 00474nam a22001337a 4500
040 _cNUST
082 _a220 PRO
100 _aNS AMNAH SIDDIQUA NS SAJID MEHMOOD
_997119
110 _aPROJECT SUPERVISOR DR.BRIG. SHOAB AHMED KHAN DR. WASI HAIDER BUTT
_997120
245 _aPR-SOF-2106-A Generic Data Analytics Framework for Descriptive, Predictive and Prescriptive AI
260 _aISLAMABAD;
_bNUST COLLEGE OF EME,
_c2022.
650 _aDE-COMP-40
_996496
942 _2ddc
_cPR
999 _c590950
_d590950